| 000 -LEADER |
| fixed length control field |
01205nam a22002177a 4500 |
| 005 - DATE AND TIME OF LATEST TRANSACTION |
| control field |
20241126105602.0 |
| 008 - FIXED-LENGTH DATA ELEMENTS--GENERAL INFORMATION |
| fixed length control field |
241126b ||||| |||| 00| 0 eng d |
| 020 ## - INTERNATIONAL STANDARD BOOK NUMBER |
| International Standard Book Number |
9781783125081 |
| 040 ## - CATALOGING SOURCE |
| Transcribing agency |
KH8 |
| 082 ## - DEWEY DECIMAL CLASSIFICATION NUMBER |
| Classification number |
919.904 STU |
| 100 ## - MAIN ENTRY--PERSONAL NAME |
| Personal name |
Stuart, Colin |
| Relator term |
Author |
| 245 ## - TITLE STATEMENT |
| Title |
Go on a mission to mars : |
| Remainder of title |
an explorer's guide to space travel and the Red Planet / |
| Statement of responsibility, etc. |
Colin Stuart |
| 260 ## - PUBLICATION, DISTRIBUTION, ETC. |
| Place of publication, distribution, etc. |
London, |
| Name of publisher, distributor, etc. |
Carlton Kids, |
| Date of publication, distribution, etc. |
2019 |
| 300 ## - PHYSICAL DESCRIPTION |
| Extent |
45 pages : |
| Other physical details |
color illustrations ; |
| Dimensions |
27 cm |
| 520 ## - SUMMARY, ETC. |
| Summary, etc. |
"Co-ordinates for a mission to Mars have been locked into your navigation computer. But there are a few things you need to know before getting there. Are you ready for the seven-month journey and the astr onaut training program? The space food served on the rocket is hardly award-winning. Even when you arrive at your destination, the planet itself will not seem welcoming with its epic dust storms and its freezing winter temperatures. But the sunsets will be spectacular and Earth is just a green and blue speck away"-- Provided by publisher<br/> |
| 521 ## - TARGET AUDIENCE NOTE |
| Target audience note |
Juvenile works |
| 650 ## - SUBJECT ADDED ENTRY--TOPICAL TERM |
| Topical term or geographic name entry element |
Exploration of outer space |
| 650 ## - SUBJECT ADDED ENTRY--TOPICAL TERM |
| Topical term or geographic name entry element |
Mars (Planet) |
| 650 ## - SUBJECT ADDED ENTRY--TOPICAL TERM |
| Topical term or geographic name entry element |
History and Geography |
| 942 ## - ADDED ENTRY ELEMENTS (KOHA) |
| Source of classification or shelving scheme |
|
| Koha item type |
Books - Non Ficton |